[Event "XIII Open"]
[Site "Crema ITA"]
[Date "2011.09.04"]
[Round "6"]
[White "Coppola, Federico"]
[Black "Frugoni, Giulio"]
[Result "1-0"]
[WhiteElo "1802"]
[BlackElo "1679"]
[PlyCount "57"]
[EventDate "2011.09.02"]

1. e4 c5 2. Nf3 Nc6 3. d4 cxd4 4. Nxd4 d6 5. Nc3 Nf6 6. Bg5 Qb6 7. Nb3 Ng4 8.
Qd2 a5 9. Nd5 Qd8 10. Nd4 Nxd4 11. Qxd4 Ne5 12. Qc3 Nc6 13. Be3 Rb8 14. Bb6 Qd7
15. Nc7+ Kd8 16. O-O-O Nb4 17. Kb1 Qa4 18. Ne6+ Ke8 19. Bb5+ Bd7 20. Nc7+ Kd8
21. Bxa4 Bxa4 22. Na6+ Ke8 23. Nxb8 Bxc2+ 24. Ka1 f6 25. Qc8+ Kf7 26. Qc4+ Kg6
27. Rc1 Ba4 28. Rc3 Bc6 29. Rg3+ 1-0

[Event "XIII Open"]
[Site "Crema ITA"]
[Date "2011.09.04"]
[Round "6"]
[White "Dallaglio, Giovanni"]
[Black "Mussap, Angelo"]
[Result "1-0"]
[WhiteElo "1969"]
[BlackElo "2036"]
[PlyCount "79"]
[EventDate "2011.09.02"]

1. d4 Nf6 2. Nf3 d5 3. c4 e6 4. Nc3 Bb4 5. Qa4+ Nc6 6. e3 Ne4 7. Qc2 O-O 8. Bd3
f5 9. a3 Be7 10. cxd5 exd5 11. Nxd5 Ng5 12. Nxg5 Bxg5 13. O-O Kh8 14. Nxc7 a6
15. Nxa8 Be6 16. f4 Be7 17. Bc4 Bxc4 18. Qxc4 Qxa8 19. b4 b5 20. Qd3 Bf6 21.
Bb2 Ne7 22. Rac1 Qd5 23. Rc5 Qa2 24. Rf2 Qe6 25. d5 Qd6 26. Be5 Qd7 27. Rfc2 h6
28. g3 Ng6 29. Qd4 Bxe5 30. fxe5 f4 31. exf4 Qg4 32. Rf2 Nh4 33. Rc3 Nf5 34.
Qd2 h5 35. d6 h4 36. d7 hxg3 37. hxg3 Nxg3 38. Rg2 Rxf4 39. d8=Q+ Kh7 40. Rcxg3
1-0

[Event "XIII Open"]
[Site "Crema ITA"]
[Date "2011.09.04"]
[Round "6"]
[White "De Paoli, Emilio"]
[Black "Puricelli, Riccardo"]
[Result "1/2-1/2"]
[WhiteElo "1873"]
[BlackElo "1672"]
[PlyCount "112"]
[EventDate "2011.09.02"]

1. e4 c6 2. c4 d5 3. exd5 cxd5 4. cxd5 Nf6 5. Bb5+ Nbd7 6. Nc3 a6 7. Ba4 b5 8.
Bc2 Nb6 9. a4 b4 10. a5 bxc3 11. axb6 cxb2 12. Ba4+ Nd7 13. Bxb2 Qxb6 14. Rb1
Qg6 15. Nf3 Qe4+ 16. Kf1 Qxd5 17. d3 e6 18. Ne5 f6 19. Bc6 Qd6 20. Bxa8 Nxe5
21. Bxe5 Qxe5 22. Qa4+ Kf7 23. g3 Bc5 24. Kg2 Rd8 25. Rhf1 Rxd3 26. Rbe1 Qd6
27. Qc6 Bd7 28. Qxd6 Rxd6 29. Rc1 Bb4 30. Rfd1 Rxd1 31. Rxd1 Ke7 32. Rd4 a5 33.
Rg4 g5 34. Rc4 Kd6 35. f4 h6 36. Rd4+ Ke7 37. fxg5 hxg5 38. h4 gxh4 39. gxh4
Ba4 40. h5 Bc2 41. Bc6 Kf7 42. Rd7+ Kg8 43. Ra7 f5 44. Kh3 e5 45. Kh4 e4 46.
Rc7 Bd3 47. Kg5 e3 48. Bd5+ Kf8 49. Kf6 Ke8 50. Bc6+ Kd8 51. Rd7+ Kc8 52. Rxd3
e2 53. Bd7+ Kc7 54. Re3 e1=Q 55. Rxe1 Bxe1 56. Bxf5 Bc3+ 1/2-1/2

[Event "XIII Open"]
[Site "Crema ITA"]
[Date "2011.09.04"]
[Round "6"]
[White "Epitome, Nando"]
[Black "Baccarin, Stefano"]
[Result "1-0"]
[WhiteElo "1622"]
[BlackElo "1770"]
[PlyCount "51"]
[EventDate "2011.09.02"]

1. d4 Nf6 2. c4 g6 3. Nc3 Bg7 4. e4 d6 5. f3 O-O 6. Be3 e5 7. d5 c6 8. Bd3 cxd5
9. cxd5 Qa5 10. Nge2 Na6 11. O-O Nc5 12. Bc2 a6 13. a3 Qc7 14. Rc1 b5 15. Bb1
Qd7 16. b4 Nb7 17. Qd3 Ne8 18. g4 Qe7 19. Ng3 Bd7 20. Nce2 a5 21. Qd2 axb4 22.
axb4 Kh8 23. Bd3 Rg8 24. Nc3 Qh4 25. Kg2 h5 26. Bg5 1-0

[Event "XIII Open"]
[Site "Crema ITA"]
[Date "2011.09.04"]
[Round "6"]
[White "Falchi, Claudio"]
[Black "Distratis, Gianluca"]
[Result "0-1"]
[WhiteElo "1742"]
[BlackElo "1948"]
[PlyCount "76"]
[EventDate "2011.09.02"]

1. e4 d5 2. exd5 Nf6 3. d4 Nxd5 4. c4 Nb6 5. Nf3 g6 6. Be2 Bg7 7. O-O O-O 8. h3
Nc6 9. Be3 e5 10. dxe5 Qe7 11. Bf4 Rd8 12. Qc1 Nd4 13. Nxd4 Rxd4 14. Re1 Be6
15. b3 Nd7 16. Be3 Re4 17. f4 Nxe5 18. fxe5 Rxe5 19. Nc3 Bxh3 20. Bf4 Qc5+ 21.
Kh2 Rf5 22. Kxh3 Bxc3 23. Qxc3 Rxf4 24. Bf3 Qf2 25. Bg4 h5 26. Rf1 hxg4+ 27.
Kh2 Qh4+ 28. Kg1 Rxf1+ 29. Rxf1 g3 30. Rf3 Qh2+ 31. Kf1 Qh1+ 32. Ke2 Qxg2+ 33.
Kd1 Rd8+ 34. Kc1 Qh1+ 35. Kb2 g2 36. Rxf7 Kxf7 37. Qf3+ Kg8 38. Qf6 Qh8 0-1

[Event "XIII Open"]
[Site "Crema ITA"]
[Date "2011.09.04"]
[Round "6"]
[White "Ficco, Corrado"]
[Black "Villa, Giorgio"]
[Result "1/2-1/2"]
[WhiteElo "2117"]
[BlackElo "1901"]
[PlyCount "134"]
[EventDate "2011.09.02"]

1. e4 d5 2. exd5 Qxd5 3. Nc3 Qd6 4. d4 Nf6 5. Nf3 c6 6. g3 Bg4 7. Bg2 e6 8. O-O
Qc7 9. Qd3 Nbd7 10. Re1 Bd6 11. Ne4 Nxe4 12. Qxe4 Nf6 13. Qd3 O-O 14. c4 Rfd8
15. Qc3 c5 16. dxc5 Bxc5 17. Bf4 Qb6 18. Be3 Bxe3 19. Rxe3 Rac8 20. Ne5 Nd5 21.
Bxd5 exd5 22. Nxg4 d4 23. c5 Qc7 24. Qb3 dxe3 25. Nxe3 Rd2 26. Qc3 Rcd8 27. Re1
g6 28. Ng4 h5 29. Nf6+ Kf8 30. Nd7+ Kg8 31. Qxd2 Rxd7 32. Qe3 Kg7 33. b4 a5 34.
a3 axb4 35. axb4 Qd8 36. Kg2 Rd4 37. Qe5+ Kh7 38. Re4 Rxe4 39. Qxe4 Qd7 40. h4
Kg8 41. Qf4 Qd5+ 42. Kh2 Kh7 43. Qe3 Qc6 44. Qc3 Qb5 45. Kg1 Kg8 46. Qd4 Kh7
47. Qf4 Kg7 48. Kg2 Qc6+ 49. Qf3 Qb5 50. Qc3+ Kg8 51. Qd4 Qc6+ 52. Kg1 Qb5 53.
Qf4 Kg7 54. g4 hxg4 55. Qxg4 Kf8 56. Qd4 Kg8 57. Qf4 Kg7 58. Kg2 Qc6+ 59. Qf3
Qb5 60. Qe4 Kf8 61. Kg3 Kg7 62. Kf4 Qa6 63. Qd4+ Kg8 64. Kg5 Qe2 65. Kf4 Qa6
66. Qd8+ Kg7 67. Qd4+ Kg8 1/2-1/2

[Event "XIII Open"]
[Site "Crema ITA"]
[Date "2011.09.04"]
[Round "6"]
[White "Folcini, Gaddo"]
[Black "Gemelli, Giovanni"]
[Result "0-1"]
[WhiteElo "1572"]
[BlackElo "1741"]
[PlyCount "62"]
[EventDate "2011.09.02"]

1. e4 c5 2. d4 cxd4 3. c3 Nf6 4. e5 Nd5 5. cxd4 Nc6 6. Nf3 d6 7. Be2 Bg4 8. O-O
e6 9. Nc3 Nb6 10. d5 exd5 11. Nxd5 Nxd5 12. Qxd5 dxe5 13. Qe4 Bxf3 14. Bxf3 Bd6
15. Rd1 Qf6 16. Bg5 Qxg5 17. Rxd6 O-O 18. Rd7 Rab8 19. Qc4 Qf6 20. Bd5 Rbd8 21.
Rc7 Na5 22. Qd3 Qd6 23. Rc5 Qxc5 24. Bxf7+ Kxf7 25. Qxh7 Qd6 26. Rf1 Qg6 27.
Qh4 Rd4 28. Qh3 Kg8 29. Qa3 Qf6 30. h3 Nc4 31. Qb3 Kh8 0-1

[Event "XIII Open"]
[Site "Crema ITA"]
[Date "2011.09.04"]
[Round "6"]
[White "Gagliardi, Christian"]
[Black "Dragojlovic, Andjelko"]
[Result "1/2-1/2"]
[WhiteElo "2253"]
[BlackElo "2381"]
[PlyCount "20"]
[EventDate "2011.09.02"]

1. e4 c5 2. Nc3 g6 3. f4 Bg7 4. Nf3 e6 5. d3 Ne7 6. g3 Nbc6 7. Bg2 b6 8. O-O
O-O 9. Be3 d5 10. Bf2 dxe4 1/2-1/2

[Event "XIII Open"]
[Site "Crema ITA"]
[Date "2011.09.04"]
[Round "6"]
[White "Kizov, Atanas"]
[Black "Tirelli, Mauro"]
[Result "1/2-1/2"]
[WhiteElo "2406"]
[BlackElo "1940"]
[PlyCount "21"]
[EventDate "2011.09.02"]

1. d4 Nf6 2. c4 e6 3. Nf3 Bb4+ 4. Nbd2 b6 5. a3 Bxd2+ 6. Qxd2 Bb7 7. e3 O-O 8.
Bd3 d6 9. O-O Bxf3 10. gxf3 Nbd7 11. b4 1/2-1/2

[Event "XIII Open"]
[Site "Crema ITA"]
[Date "2011.09.04"]
[Round "6"]
[White "Mansueti, Marco"]
[Black "Moroni, Luca jr"]
[Result "1/2-1/2"]
[WhiteElo "1856"]
[BlackElo "1998"]
[PlyCount "113"]
[EventDate "2011.09.02"]

1. e4 c5 2. Nf3 d6 3. d4 cxd4 4. Nxd4 Nf6 5. Nc3 a6 6. Be2 e6 7. Be3 Be7 8. f4
Qc7 9. Bf3 Nc6 10. Qd2 Rb8 11. a4 O-O 12. O-O Nxd4 13. Bxd4 Rd8 14. Qf2 b6 15.
Rfd1 e5 16. fxe5 dxe5 17. Qg3 Rxd4 18. Rxd4 Bc5 19. Ne2 Rb7 20. c3 Ra7 21. b4
exd4 22. Qxc7 Rxc7 23. bxc5 bxc5 24. cxd4 cxd4 25. Rd1 Nd7 26. Rxd4 g6 27. Nf4
Ne5 28. Nd5 Rc1+ 29. Kf2 Rc2+ 30. Kg3 Kf8 31. h4 h6 32. Kf4 Nc6 33. Rd3 Kg7 34.
Rc3 Rxc3 35. Nxc3 Nb4 36. Be2 a5 37. Bb5 Bb7 38. g3 f6 39. e5 Nd5+ 40. Nxd5
Bxd5 41. g4 Bb3 42. exf6+ Kxf6 43. g5+ hxg5+ 44. hxg5+ Ke6 45. Be8 Bc2 46. Bb5
Kd5 47. Be8 Kd4 48. Bd7 Bd3 49. Be8 Kd5 50. Bd7 Kd6 51. Be8 Bc2 52. Bb5 Bb1 53.
Be8 Bd3 54. Ke3 Bc2 55. Kf4 Bd3 56. Ke3 Bc2 57. Kf4 1/2-1/2

[Event "XIII Open"]
[Site "Crema ITA"]
[Date "2011.09.04"]
[Round "6"]
[White "Maraschi, Alberto"]
[Black "Ciochetta, Giovanni"]
[Result "0-1"]
[WhiteElo "1386"]
[BlackElo "1624"]
[PlyCount "50"]
[EventDate "2011.09.02"]

1. e4 e5 2. Nf3 Nc6 3. Bc4 Bc5 4. b4 Bb6 5. Ba3 d6 6. Nc3 Nf6 7. h3 O-O 8. O-O
Nd4 9. Nd5 Nxe4 10. Nxb6 axb6 11. Bb2 Nxf3+ 12. Qxf3 Nxd2 13. Bxf7+ Rxf7 14.
Qd5 Nxf1 15. Kxf1 c6 16. Qb3 Qf6 17. Qg3 Be6 18. a3 Raf8 19. f3 Qe7 20. Rc1 Bd5
21. Kf2 e4 22. c4 e3+ 23. Ke2 Be6 24. Kxe3 Bxc4+ 25. Kd4 Rf4+ 0-1

[Event "XIII Open"]
[Site "Crema ITA"]
[Date "2011.09.04"]
[Round "6"]
[White "Marchesotti, Giovanni"]
[Black "Guasconi, Lelio"]
[Result "1-0"]
[WhiteElo "1599"]
[BlackElo "1614"]
[PlyCount "119"]
[EventDate "2011.09.02"]

1. g3 Nc6 2. Bg2 e6 3. c4 Bc5 4. Nc3 Nf6 5. e3 e5 6. Nge2 Be7 7. O-O O-O 8. a3
d6 9. Nd5 Nxd5 10. cxd5 Nb8 11. Nc3 Nd7 12. Qc2 Nf6 13. d3 Ne8 14. f4 Bg4 15.
h3 Bd7 16. f5 Qc8 17. e4 c6 18. dxc6 bxc6 19. Be3 Nf6 20. g4 h6 21. g5 hxg5 22.
Bxg5 Qd8 23. Be3 Nh7 24. Qd2 Bg5 25. Bxg5 Nxg5 26. Kh2 f6 27. Rg1 Kf7 28. h4
Rh8 29. Kg3 Nh7 30. Bf3 Ke7 31. Nd1 Be8 32. Ne3 Bf7 33. Qe2 Qe8 34. Rad1 Rg8
35. Kh2 g5 36. fxg6 Rxg6 37. Nf5+ Kd7 38. Bg4 Kc7 39. Ng7 Rxg7 40. Bd7 Qg8 41.
Rxg7 Qxg7 42. Bxc6 Rg8 43. Qf2 Qg4 44. Qxa7+ Kd8 45. Qb8+ Ke7 46. Qc7+ Kf8 47.
Qxd6+ Kg7 48. Rg1 Qxg1+ 49. Kxg1 Kh6+ 50. Kh2 Bh5 51. Bd5 Rg7 52. a4 Bf3 53. a5
Rg2+ 54. Kh3 Rg6 55. a6 Bg4+ 56. Kh2 Kh5 57. Bf7 Kxh4 58. Bxg6 Ng5 59. Qxf6 Bf5
60. Bxf5 1-0

[Event "XIII Open"]
[Site "Crema ITA"]
[Date "2011.09.04"]
[Round "6"]
[White "Milanesi, Erminio"]
[Black "Volpati, Antonio"]
[Result "1-0"]
[WhiteElo "1842"]
[BlackElo "1670"]
[PlyCount "117"]
[EventDate "2011.09.02"]

1. e4 e5 2. Nf3 Nc6 3. Bc4 Nf6 4. d3 Be7 5. Nc3 O-O 6. a3 d6 7. h3 Bd7 8. g4
Qc8 9. Be3 Be6 10. Nd5 Qd7 11. Qe2 Nd8 12. g5 Nxd5 13. exd5 Bf5 14. Nh4 c6 15.
Nxf5 Qxf5 16. h4 cxd5 17. Bxd5 Nc6 18. O-O-O Rfc8 19. Rdf1 Rc7 20. f4 exf4 21.
Ba2 Ne5 22. Kb1 f3 23. Qd2 Rac8 24. Bb3 Qg4 25. Rfg1 Qf5 26. Bxa7 Ng4 27. Bb6
Rc6 28. Be3 d5 29. Rf1 Bc5 30. Bxc5 Rxc5 31. Qd1 f2 32. Qe2 Qe6 33. Qxe6 fxe6
34. Rh3 Rf8 35. d4 Rc7 36. c3 Rcf7 37. Bd1 Rf4 38. Kc1 Re4 39. Kd2 b5 40. Be2
b4 41. axb4 Ra8 42. Bxg4 Rxg4 43. Rxf2 Ra2 44. Kc2 Ra8 45. Kb3 Rg1 46. Rf4 Rga1
47. Re3 R1a6 48. h5 Rb6 49. g6 hxg6 50. hxg6 Rf8 51. Ref3 Rbb8 52. c4 dxc4+ 53.
Kxc4 Rbc8+ 54. Kb3 Rcd8 55. Rxf8+ Rxf8 56. Rxf8+ Kxf8 57. Kc4 Ke7 58. Kc5 Kd7
59. b5 1-0

[Event "XIII Open"]
[Site "Crema ITA"]
[Date "2011.09.04"]
[Round "6"]
[White "Miracola, Giorgia"]
[Black "Madaschi, Sergio"]
[Result "1-0"]
[WhiteElo "1763"]
[BlackElo "1636"]
[PlyCount "63"]
[EventDate "2011.09.02"]

1. e4 e6 2. d4 d5 3. Nc3 Bb4 4. e5 c5 5. a3 cxd4 6. Qxd4 Nc6 7. Bb5 Ba5 8. b4
Bc7 9. f4 Nge7 10. Nf3 O-O 11. Qd3 a6 12. Bxc6 Nxc6 13. O-O Bb6+ 14. Kh1 Bd7
15. Ng5 g6 16. Qh3 h5 17. g4 f6 18. exf6 Qxf6 19. gxh5 gxh5 20. Qxh5 Qg7 21.
Na4 Bd4 22. c3 Bf6 23. Rg1 Be8 24. Qh3 Bg6 25. Qxe6+ Kh8 26. Rg3 Bxg5 27. Rxg5
Be4+ 28. Kg1 Qh7 29. Bb2 Qh4 30. c4+ Kh7 31. Rg7+ Kh8 32. Rg4+ 1-0

[Event "XIII Open"]
[Site "Crema ITA"]
[Date "2011.09.04"]
[Round "6"]
[White "Miracola, Massimiliano"]
[Black "Gonella, Daniele"]
[Result "0-1"]
[WhiteElo "1993"]
[BlackElo "2103"]
[PlyCount "130"]
[EventDate "2011.09.02"]

1. e4 e5 2. Nf3 Nc6 3. Bb5 Nf6 4. d3 d6 5. c3 Be7 6. O-O O-O 7. Nbd2 Bg4 8. Re1
a6 9. Ba4 b5 10. Bc2 d5 11. h3 Bh5 12. Qe2 d4 13. c4 Nd7 14. g4 Bg6 15. cxb5
axb5 16. Nf1 Na5 17. Bd2 c5 18. Bb3 Nxb3 19. axb3 f6 20. Ng3 Bf7 21. Nf5 Rxa1
22. Rxa1 Bxb3 23. h4 c4 24. Ba5 Qe8 25. Nd2 Bc5 26. Nxb3 cxb3 27. Qd1 Qe6 28.
Bd2 Rc8 29. Ra5 Rb8 30. Qa1 g6 31. Nh6+ Kg7 32. Ra8 Qc6 33. Rxb8 Nxb8 34. Qa5
Be7 35. Qa7 Nd7 36. Kh2 Bc5 37. Qa5 Be7 38. Qa7 b4 39. g5 Qe6 40. Qa8 fxg5 41.
hxg5 Nc5 42. Qa7 Nxd3 43. Kg1 Qd6 44. Qa8 Qd8 45. Qa6 Nc5 46. Qa7 Nd7 47. f4 d3
48. Kf1 Bc5 49. Qb7 exf4 50. Qd5 Qe8 51. Bxf4 d2 52. Qxd2 Qe6 53. Qd3 Nb6 54.
Ke2 Qc4 55. Kd2 Bd4 56. Qxc4 Nxc4+ 57. Kd3 Be5 58. Bxe5+ Nxe5+ 59. Ke3 Nc4+ 60.
Kd4 Nxb2 61. e5 Nc4 62. e6 b2 63. e7 Nd6 64. Ke5 Ne8 65. Ke6 b1=Q 0-1

[Event "XIII Open"]
[Site "Crema ITA"]
[Date "2011.09.04"]
[Round "6"]
[White "Righini, Giovanni"]
[Black "Guzzetti, Luigi Enrico"]
[Result "0-1"]
[WhiteElo "1840"]
[BlackElo "1955"]
[PlyCount "61"]
[EventDate "2011.09.02"]

1. e4 c5 2. c3 e6 3. Nf3 Nc6 4. d4 d5 5. exd5 Qxd5 6. Na3 cxd4 7. Nb5 Qe4+ 8.
Be2 Rb8 9. O-O a6 10. Nbxd4 Nf6 11. Re1 Qd5 12. Bf4 Ra8 13. Nxc6 bxc6 14. Nd4
Bb7 15. Bf3 Qd7 16. Qa4 Nd5 17. Rad1 Rc8 18. Bg5 h6 19. Bh4 g5 20. Bg3 Be7 21.
Nxe6 fxe6 22. Bh5+ Kf8 23. Bg4 Qe8 24. Bxe6 Ra8 25. Be5 Nf6 26. Qc2 Kg7 27. Qf5
Rd8 28. h4 Qh5 29. Rd7 Rxd7 30. Bxd7 Qg6 31. hxg5 0-1

[Event "XIII Open"]
[Site "Crema ITA"]
[Date "2011.09.04"]
[Round "6"]
[White "Raimondi, Celso"]
[Black "Oteri, Aldo"]
[Result "1-0"]
[WhiteElo "1651"]
[BlackElo "1797"]
[PlyCount "75"]
[EventDate "2011.09.02"]

1. d4 Nf6 2. c4 g6 3. Nc3 Bg7 4. e4 d6 5. Nf3 O-O 6. Be2 e5 7. O-O exd4 8. Nxd4
Nc6 9. Be3 Re8 10. Nxc6 bxc6 11. Bf3 c5 12. e5 Rb8 13. exf6 Qxf6 14. Bc6 Rf8
15. Qd2 Bb7 16. Bxb7 Rxb7 17. Rab1 Rfb8 18. Na4 Qf5 19. b3 Rb4 20. Rbd1 Bf8 21.
Nc3 c6 22. Bf4 Rd8 23. Bh6 Bxh6 24. Qxh6 d5 25. cxd5 cxd5 26. Ne2 c4 27. Nd4
Qd7 28. Nc2 Rbb8 29. bxc4 Qa4 30. Ne3 d4 31. Nd5 Rd6 32. Rxd4 Re8 33. Rh4 Rxd5
34. cxd5 f5 35. Qxh7+ Kf8 36. Qh8+ Ke7 37. Re1+ Kd6 38. Qxe8 1-0

[Event "XIII Open"]
[Site "Crema ITA"]
[Date "2011.09.04"]
[Round "6"]
[White "Rambaldi, Francesco"]
[Black "Bonazzi, Edoardo"]
[Result "1/2-1/2"]
[WhiteElo "2176"]
[BlackElo "2131"]
[PlyCount "39"]
[EventDate "2011.09.02"]

1. c4 Nf6 2. d4 e6 3. Nc3 d5 4. cxd5 Nxd5 5. Nf3 c5 6. e3 Nc6 7. Bb5 Nxc3 8.
bxc3 cxd4 9. exd4 Qa5 10. Qb3 Bd7 11. O-O Be7 12. Re1 a6 13. Bd3 O-O 14. Bf4 b5
15. d5 exd5 16. Qxd5 Rad8 17. Qe4 g6 18. Ne5 Nxe5 19. Qxe5 Rfe8 20. Qc7 1/2-1/2

[Event "XIII Open"]
[Site "Crema ITA"]
[Date "2011.09.04"]
[Round "6"]
[White "Regorda, Vittorio"]
[Black "Baroni, Alessandro"]
[Result "0-1"]
[WhiteElo "1838"]
[BlackElo "1918"]
[PlyCount "26"]
[EventDate "2011.09.02"]

1. d4 d5 2. c4 Bf5 3. Qa4+ Nc6 4. cxd5 Qxd5 5. Nf3 Bxb1 6. Rxb1 O-O-O 7. Be3 e5
8. a3 Qa2 9. Rc1 exd4 10. Nxd4 Bb4+ 11. Kd1 Nxd4 12. Bxd4 Rxd4+ 13. Kc2 Rd2#
0-1

[Event "XIII Open"]
[Site "Crema ITA"]
[Date "2011.09.04"]
[Round "6"]
[White "Rota, Simone"]
[Black "Ljubisavljevic, Zivojin Z."]
[Result "1-0"]
[WhiteElo "2002"]
[BlackElo "2221"]
[PlyCount "73"]
[EventDate "2011.09.02"]

1. d4 Nf6 2. c4 c5 3. d5 b5 4. cxb5 a6 5. bxa6 Bxa6 6. Nc3 d6 7. g3 g6 8. Bg2
Bg7 9. Nf3 O-O 10. O-O Nfd7 11. Qc2 c4 12. h4 h6 13. Be3 Qc7 14. h5 g5 15. Nd4
Nf6 16. Nf5 Bc8 17. Nxg7 Kxg7 18. Bd4 Kg8 19. a4 Nxh5 20. Nb5 Qd8 21. Qxc4 Na6
22. a5 Bd7 23. Bb6 Qe8 24. Nd4 Nf6 25. b4 Qc8 26. Nc6 Bxc6 27. dxc6 d5 28. Qc3
Nc7 29. Bxc7 Qxc7 30. b5 d4 31. Qxd4 Rfd8 32. Qc3 Nd5 33. Qc5 e6 34. b6 Qe5 35.
e4 Qc3 36. Qxc3 Nxc3 37. c7 1-0

[Event "XIII Open"]
[Site "Crema ITA"]
[Date "2011.09.04"]
[Round "6"]
[White "Tagliaferri, Valerio"]
[Black "Martino, Antonio M."]
[Result "0-1"]
[WhiteElo "1850"]
[BlackElo "1978"]
[PlyCount "132"]
[EventDate "2011.09.02"]

1. e4 Nf6 2. d3 e5 3. Nf3 Nc6 4. g3 Bc5 5. Bg2 d6 6. O-O h6 7. c3 O-O 8. Nbd2
a6 9. Qe2 Bg4 10. h3 Be6 11. Nc4 Ba7 12. Be3 Bxe3 13. Nxe3 Ne7 14. Nh4 c6 15.
f4 exf4 16. gxf4 Ng6 17. Nhf5 Bxf5 18. Nxf5 Qd7 19. Ne3 c5 20. f5 Ne5 21. a4
Rae8 22. Ng4 Nexg4 23. hxg4 Qe7 24. Rae1 Qe5 25. Bf3 Qg3+ 26. Qg2 Qxg2+ 27.
Kxg2 b5 28. axb5 axb5 29. Kg3 Nh7 30. Kf4 Rb8 31. Ra1 b4 32. c4 Ra8 33. e5 g5+
34. Ke3 Rae8 35. d4 cxd4+ 36. Kxd4 dxe5+ 37. Kc5 e4 38. Be2 Rb8 39. Ra6 Kg7 40.
Rd1 Rfc8+ 41. Rc6 Rxc6+ 42. Kxc6 Nf6 43. c5 e3 44. Kc7 Re8 45. Rd4 Ne4 46. Rxe4
Rxe4 47. c6 h5 48. Kb7 hxg4 49. c7 Re7 50. Bxg4 Kf6 51. Kb6 Rxc7 52. Kxc7 Ke5
53. Kd7 Kf4 54. Be2 g4 55. f6 g3 56. Bf1 g2 57. Bxg2 e2 58. Bd5 Ke5 59. Ke7
Kxd5 60. Kxf7 e1=Q 61. Kg8 Kc4 62. f7 Qe6 63. b3+ Kxb3 64. Kh8 Qh6+ 65. Kg8 Kc2
66. f8=Q Qxf8+ 0-1

[Event "XIII Open"]
[Site "Crema ITA"]
[Date "2011.09.04"]
[Round "6"]
[White "Vecchio, Paolo L."]
[Black "Galli, Fabrizio"]
[Result "1/2-1/2"]
[WhiteElo "1335"]
[BlackElo "1469"]
[PlyCount "85"]
[EventDate "2011.09.02"]

1. d4 d5 2. c4 dxc4 3. e4 e6 4. Bxc4 Bb4+ 5. Nc3 Bd7 6. Nf3 Nf6 7. Bd2 Bxc3 8.
bxc3 Nxe4 9. O-O O-O 10. Qc2 Nxd2 11. Qxd2 Qf6 12. Rfe1 Bc6 13. Qg5 Nd7 14.
Qxf6 Nxf6 15. Ne5 Bd5 16. Bxd5 exd5 17. Rab1 Rab8 18. f3 b6 19. g4 Rbd8 20. Nc6
Rd6 21. Nxa7 Re6 22. Rxe6 fxe6 23. Nb5 Rf7 24. Kf2 Nxg4+ 25. Kg3 Nf6 26. Re1
Re7 27. Re5 h6 28. Na7 Kf7 29. h4 Re8 30. Nb5 Re7 31. h5 g5 32. hxg6+ Kxg6 33.
Kh4 Nd7 34. Re1 h5 35. Nxc7 Nf8 36. Nxd5 Rf7 37. Nxb6 Rxf3 38. Rg1+ Kh6 39. Rg3
Ng6+ 40. Kh3 Nf4+ 41. Kh2 Rf2+ 42. Kg1 Rxa2 43. Re3 1/2-1/2

[Event "XIII Open"]
[Site "Crema ITA"]
[Date "2011.09.04"]
[Round "6"]
[White "Ventura, Franco"]
[Black "Cocconcelli, Lorenzo"]
[Result "1-0"]
[WhiteElo "2098"]
[BlackElo "1859"]
[PlyCount "105"]
[EventDate "2011.09.02"]

1. Nf3 Nf6 2. c4 e6 3. g3 c6 4. d4 d5 5. Qc2 Nbd7 6. Bg2 Ne4 7. O-O Bd6 8. b3
O-O 9. Bb2 Ndf6 10. Nbd2 b6 11. Nxe4 Nxe4 12. Ne5 Bxe5 13. dxe5 f5 14. exf6
Nxf6 15. Rad1 Qe7 16. cxd5 cxd5 17. Qc1 Re8 18. Ba3 Qf7 19. h3 Ba6 20. Qd2 Rac8
21. Rc1 Qg6 22. Rfe1 Rxc1 23. Rxc1 Rc8 24. Rxc8+ Bxc8 25. Qc1 Qe8 26. Bb2 Qd7
27. Qf4 Qf7 28. Qe5 Ne8 29. Qg5 Nf6 30. Bd4 Bd7 31. Qc1 Bb5 32. Qe3 Ba6 33. Bf3
Bb7 34. Qe5 Bc8 35. g4 Ne8 36. Kg2 Qc7 37. Qe3 Qf7 38. Be5 Qd7 39. Qd4 Qf7 40.
Qc3 Qd7 41. g5 Bb7 42. Qd4 Nd6 43. Bg4 Nf5 44. Bxf5 exf5 45. f3 Qe7 46. h4 Qe6
47. Kf2 Qe7 48. Kg3 Bc6 49. e3 Qf7 50. Bf4 Qe7 51. Qc3 Qc5 52. Qe5 Qc1 53. Qe6+
1-0

[Event "XIII Open"]
[Site "Crema ITA"]
[Date "2011.09.04"]
[Round "6"]
[White "Vezzosi, Paolo"]
[Black "Castrogiovanni, Carlo"]
[Result "1-0"]
[WhiteElo "2351"]
[BlackElo "2004"]
[PlyCount "57"]
[EventDate "2011.09.02"]

1. d4 Nf6 2. c4 c5 3. d5 b5 4. cxb5 a6 5. b6 d6 6. Nc3 g6 7. Qb3 Bb7 8. a4 a5
9. e4 Nfd7 10. Nf3 Qxb6 11. Bb5 Bg7 12. O-O O-O 13. Bf4 Na6 14. Rfe1 Ne5 15.
Nxe5 Bxe5 16. Bxe5 dxe5 17. Nd1 Nc7 18. Ne3 Rfb8 19. Nc4 Qf6 20. Qc3 Nxb5 21.
axb5 Bc8 22. Rxa5 Qf4 23. g3 Qg5 24. b6 Ra6 25. h4 Qf6 26. Rxc5 Bg4 27. Nxe5 h5
28. Rc6 Qg7 29. f3 1-0